| 000 | 00835cam a22002415a 4500 | ||
|---|---|---|---|
| 001 | L158703 | ||
| 008 | 150625s2009 xxk f 000 0 eng d | ||
| 020 | _a9781846610615 | ||
| 035 | _a(Sirsi) u158703 | ||
| 041 | 0 | _aeng | |
| 050 | 0 | 4 | _a630.026 |
| 100 | 1 | _aDavis, Nigel | |
| 245 | 0 | 0 | _aAgricultural Precedents Handbook |
| 250 | _a2nd | ||
| 260 |
_aBristol _bJordan Publishing _c2009 |
||
| 300 | _axxii, 541p, 25cm | ||
| 520 | _aProvides advisers dealing with agricultural cases a complete library of precedents, covering every type of transaction likely to arise. Includes information on preliminary enquiries, contracts for the sale of agricultural property and farm business tenancies. | ||
| 651 | 4 | _aENGLAND AND WALES | |
| 690 |
_aRural _96268 |
||
| 700 | 1 | _aSmith, Graham | |
| 700 | 1 | _aSydenham, Angela | |
| 942 | _n0 | ||
| 999 |
_c115465 _d115465 |
||